000 01156cac a2200337 i 4500
003 EG-GICUC
005 20260121101333.0
008 050422s1994 nyua fr 001 0 eng d
020 _a0314026274
020 _a9780314026279
040 _aTAC
_cTAC
_dBAKER
_dDLC
_dEG-GICUC
_beng
_erda
082 0 0 _a342.51.073
_221
092 0 4 _221
099 _aLaw 08 1994
100 1 _aBardes, Barbara A.
245 1 0 _aAmerican government and politics today :
_bthe essentials /
_cBarbara A. Bardes, Mack C. Shelley, Steffen W. Schmidt.
250 _a1994-1995 edition
264 _aMinneapolis/ saint Paul,
_aNew York :
_bWest Publishing Company,
_c1994.
300 _a(various pages) :
_billustrations (some color) ;
_c28 cm.
336 _atext
_btxt
_2rdacontent
337 _aunmediated
_bn
_2rdamedia
338 _avolume
_bnc
_2rdacarrier
500 _aIncludes index.
650 0 _aElections
_zUnited States.
651 0 _aUnited States
_xPolitics and government.
700 1 _aShelley, Mack C.,
_d1950-
700 1 _aSchmidt, Steffen W.
856 4 0 _uhttps://fll.law.cu.edu.eg/fulltext/bks/ENGB08-00012.pdf
905 _a10
942 _2ddc
_cBK
_e21
_n0
999 _c45417
_d45417